History Quiz

Random History or Biography Quiz

Famous Historical 'L' First Names Quiz Stats

 Plays Quiz Updated Jun 8, 2015

Challenge
Share
Tweet
Embed
Score 0/30 Timer 05:00
0 Plays Today
% Correct
Ludwig
98.3%
Levi
96.8%
Lyndon
95.1%
Lewis
94%
Louis
93.9%
Lucille
91.7%
LeBron
91.4%
Luciano
90.2%
Laurence
90%
Leo
87.4%
Lauren
87.2%
Larry
86.5%
Laura
84.2%
Lech
79%
Leonid
77.7%
% Correct
Leonard
76.7%
Lillian
71.2%
Lars
71.1%
Lupita
70.9%
Leonardo
70.6%
Lennox
67.7%
Lionel
66.9%
Langston
62.7%
Lleyton
60.6%
Landon
60.3%
Linus
58.8%
Lal
58.6%
Larisa
50.9%
Lester
47.1%
Lise
31.1%

You're not logged in!

Compare scores with friends on all Sporcle quizzes.
OR
Log In

You Might Also Like...

Show Comments

Extras

Top Quizzes Today


Score Distribution

Your Account Isn't Verified!

In order to create a playlist on Sporcle, you need to verify the email address you used during registration. Go to your Sporcle Settings to finish the process.

Report this User

Report this user for behavior that violates our Community Guidelines.

Details: